| 000 | 00530cam a22002171 4500 | ||
|---|---|---|---|
| 001 | sa 66005063 | ||
| 003 | DLC | ||
| 005 | 20260227112247.0 | ||
| 008 | 890929s1965 ii 000 0 tamo | ||
| 010 | _asa 66005063 | ||
| 035 | _a(OCoLC)20413963 | ||
| 040 |
_aDLC _cWaU _dDLC |
||
| 042 | _apremarc | ||
| 050 | 0 | 0 |
_aPN6401 _b.C4 |
| 100 | 0 | _aCentur̲aimuttu. | |
| 245 | 1 | 0 | _aPal̲amol̲iyum paṇpāṭum. |
| 260 | _c[1965] | ||
| 300 |
_a127 p. _c18 cm. |
||
| 500 | _aIn Tamil. | ||
| 650 | 0 |
_aProverbs _xHistory and criticism. |
|
| 999 |
_c69789 _d69789 |
||